Statistics for Things Kendrick Lamar Has in his DNA

Click here to take the quiz!

General Stats

  • This quiz has been taken 39 times
  • The average score is 12 of 23

Answer Stats

HintAnswer% Correct
1.Loyalty
91%
2.Royalty
86%
4.War
74%
8.Pain
71%
5.Peace
71%
3.Cocaine quarter piece
69%
6.Power
69%
9.Joy
66%
7.Poison
66%
11.Ambition
60%
10.Hustle
60%
12.Realness
57%
15.Riches
51%
13.Killing
43%
17.Evil
40%
14.Millions
40%
19.Troublesome heart
31%
16.Dark
29%
23.Murder
29%
22.Money
26%
18.Rot
23%
20.Soldier
20%
21.Sex
11%

Score Distribution

Percentile by Number Answered

Percent of People with Each Score

Your Score History

You have not taken this quiz